Normal view
MARC view
Entry Personal Name
001 - CONTROL NUMBER
- control field: 33991
003 - CONTROL NUMBER IDENTIFIER
- control field: ARRUPE
005 - DATE AND TIME OF LATEST TRANSACTION
- control field: 20170731144650.0
008 - FIXED-LENGTH DATA ELEMENTS
- fixed length control field: 170731|| aca||aabn | a|a d
040 ## - CATALOGING SOURCE
- Original cataloging agency: ARRUPE
- Transcribing agency: ARRUPE
100 ## - HEADING--PERSONAL NAME
- Personal name: Therborn, Goran
670 ## - SOURCE DATA FOUND
- Source citation: Work cat.: (ARRUPE)6440: Therborn, Goran, The ideology of power and power of ideology, 1982